000 01597nam0a2200373 i 4500
001 RU\NLR\BIBL_A\010845376
005 20260406153744.0
010 _a9785235038431
_94000
021 _aRU
_b2015-59449
_93514
035 _a(NILC)RuMoRGB-007992053
035 _a(NLR Aleph) 010845376
090 _a10348118
_c10348118
100 _a20150921d2015 um y0rusy50 ca
101 0 _arus
102 _aRU
105 _ay|||z||||01yb
200 1 _aДовлатов
_fВалерий Попов
205 _a[Изд. 3-е]
210 _aМосква
_cМолодая гвардия
_d2015
215 _a352, [3] с.
_d17
225 1 _aЖизнь замечательных людей
_eсерия биографий
_fоснована в 1890 г. Ф. Павленковым и продолжена в 1933 г. М. Горьким
_vвып. 91
_iМалая серия
320 _aБиблиогр. в конце кн.
333 _a16+
600 1 _aДовлатов
_bС. Д.
_f1941 - 1990
_gСергей Донатович
_xБиография
_92560942
_3RU\NLR\AUTH\661514912
675 _a821.161.1.0
686 1 _aШ5(2=Р)6-4Довлатов
700 1 _7ca
_8rus
_aПопов
_bВ. Г.
_cписатель
_f1939-
_gВалерий Георгиевич
_9116481
_3RU\NLR\AUTH\776529
702 1 _4570
_7ca
_8rus
_aДовлатов
_bС. Д.
_f1941-1990
_gСергей Донатович
_9112077
_3RU\NLR\AUTH\772060
801 0 _aRU
_bРГБ
_c20150806
_gRCR
801 1 _aRU
_bРГБ
_c20150806
_2rusmarc
942 _cBOOK
980 _aNBR